000 00603nam a2200241Ia 4500
003 OSt
005 20220918204256.0
006 a|||||r|||| 00| 0
007 ta
008 220917b |||||||| |||| 00| 0 eng d
024 _a111,846
037 _cTextual
040 _aARTS
_cARTS
_beng
041 _2eng
_aeng
082 _aV52.D3, J7
100 _aJones A H M
_92518
245 0 _aAthenian democracy
260 _aOxford
_bBasil Blackwell
_c1957
300 _avii,198p.
_ccm.
650 _aHISTORY
942 _hV52.D3, J7
_cTEXL
_2CC
999 _c235195
_d235195